Vc̕timas Militares en Colombia y su derecho a la reparacin̤ integral

Detalles Bibliográficos
Autor principal: Cruz Bannoy, Oscar
Formato: eBook
Lenguaje:español
Publicado: Bogot:̀ Editorial Acadm̌ica Espaǫla, 2019
Materias:
Acceso en línea:Acceso restringido

MARC

LEADER 00000nam a22000007a 4500
005 2019100901171.0
007 cr|||| ||||
008 191009s2019 co |||||s|||| 00||0 spa d
020 |a 9786139465866 
035 |a 29753 
040 |a vLex 
090 |c 9763  |d 9763 
100 1 |a Cruz Bannoy, Oscar 
245 1 0 |a Vc̕timas Militares en Colombia y su derecho a la reparacin̤ integral  |h [Recurso electrn̤ico] /  |c Oscar Cruz Bannoy 
256 |a Servicio en ln̕ea 
260 |a Bogot:̀  |b Editorial Acadm̌ica Espaǫla,  |c 2019 
300 |a 1 recurso electrn̤ico 
500 |a La afectacin̤ de los derechos a la vida y a la integridad fs̕ica y psicolg̤ica de los miembros de la fuerza pb︢lica como consecuencia de graves violaciones al Derecho Internacional Humanitario por parte de grupos armados ilegales, no puede ser considerada sencillamente como un riesgo propio de la actividad militar desconociňdose as ̕su condicin̤ de vc̕tima del conflicto y por ende su derecho a una justa y equitativa indemnizacin̤ integral, en condiciones de igualdad con las dems̀ victimas del conflicto, razn̤ por la cual resulta un desprops̤ito el contenido del Parg̀rafo 1ʻ del artc̕ulo 3 de la Ley 1448 de 2011 al disponer que su reparacin̤ econm̤ica corresponder ̀por todo concepto al que tengan derecho de acuerdo al rǧimen especial que les sea aplicable, como si se tratara de cualquier tipo de afectacin̤ a la salud o vida del militar o policial. 
506 1 |a Disponible solo en los productos indicados  |d vLex Global  |d vLex Global (Academic Edition, excluding Law Schools)  |d vLex Global (U.S. Academic Edition, Law Schools)  |d vLex Global (U.S. Academic Edition, excluding Law Schools)  |d vLex Global (Academic Edition, Law Schools) 
650 0 4 |a Derecho Laboral y Seguridad Social  |z Colombia 
740 0 |a vLex Libros (Servicio en ln̕ea) 
856 4 0 |u http://vlex.com/source/29753  |z Acceso restringido 
942 |c BOOK 
999 0 |a Labor law and social security